The Dimension of Depth / (Record no. 4350)

MARC details
000 -LEADER
fixed length control field 00518nam a22001817a 4500
003 - CONTROL NUMBER IDENTIFIER
control field GBCCL
005 - DATE AND TIME OF LATEST TRANSACTION
control field 20241126110516.0
008 - FIXED-LENGTH DATA ELEMENTS--GENERAL INFORMATION
fixed length control field 180118b xxu||||| |||| 00| 0 eng d
040 ## - CATALOGING SOURCE
Transcribing agency gbc
082 ## - DEWEY DECIMAL CLASSIFICATION NUMBER
Classification number 252
Item number POT
100 ## - MAIN ENTRY--PERSONAL NAME
Personal name Poteat, Edwin McNeill
9 (RLIN) 8192
245 ## - TITLE STATEMENT
Title The Dimension of Depth /
Statement of responsibility, etc. Edwin McNeill Poteat
260 ## - PUBLICATION, DISTRIBUTION, ETC.
Place of publication, distribution, etc. New York:
Name of publisher, distributor, etc. Harper & Brothers Publishers,
Date of publication, distribution, etc. 1957
300 ## - PHYSICAL DESCRIPTION
Extent 114 p.;
Dimensions 21 cm.
650 ## - SUBJECT ADDED ENTRY--TOPICAL TERM
Topical term or geographic name entry element Baptists
General subdivision Sermons
9 (RLIN) 1091
650 ## - SUBJECT ADDED ENTRY--TOPICAL TERM
Topical term or geographic name entry element Sermons, America
Chronological subdivision 20th Century
9 (RLIN) 10949
942 ## - ADDED ENTRY ELEMENTS (KOHA)
Source of classification or shelving scheme Dewey Decimal Classification
Koha item type Books
Holdings
Withdrawn status Lost status Source of classification or shelving scheme Damaged status Not for loan Home library Current Library Shelving location Date acquired Total checkouts Full call number Barcode Date last seen Date last checked out Copy number Price effective from Koha item type
    Dewey Decimal Classification     GRACE BIBLE COLLEGE GRACE BIBLE COLLEGE Ministry & Mission 2018-01-18 1 252 POT 006585 2025-05-01 2024-12-06 c.1 2018-01-18 Books
© Grace Bible College Library 2025